| 000 | 00837cam a2200217 4500 | ||
|---|---|---|---|
| 001 | ABS61488 | ||
| 008 | 000000n1999 000 0 eng u | ||
| 035 | _a(Sirsi) u101652 | ||
| 245 | _aTreasury releases Technical Note | ||
| 260 | _c1999 | ||
| 490 |
_aPFI Intelligence Bulletin _v4(10) November 1999, 7-8(2) |
||
| 520 | _aThe Treasury Taskforce has issued the fourth in its series of Technical Notes on the PFI process. Entitled "How to appoint and work with a preferred bidder", it is available from the Public Enquiry Unit on 0171 270 4558/4860/4870 (http://www.treasury-projects-taskforce.gov.uk). | ||
| 590 | _aABS | ||
| 650 | _aPFI | ||
| 650 | _aTREASURY TASKFORCE | ||
| 650 | _aTECHNICAL NOTE 4 | ||
| 650 | _aBIDDERS | ||
| 650 | _aProcurement-old | ||
| 690 | _aBUILT ENVIRONMENT-BUILDING CONTRACT FORMS | ||
| 942 | _n0 | ||
| 999 |
_c60780 _d60780 |
||